'H' Vocabulary (Medium) Quiz Stats

 Plays Quiz Updated Jun 8, 2017

Support Sporcle.
Go Orange.
Score 0/25 Timer 06:00
0 Plays Today
% Correct
highway
96.5%
hungry
96.4%
hacker
96.4%
homework
96.4%
hurricane
96.3%
herbivore
96.2%
horizon
96.2%
hospital
96.2%
harvest
96.1%
handkerchief
96%
holiday
95.9%
hibernate
95.8%
hierarchy
95.8%
% Correct
hopscotch
95.4%
habitat
95.3%
hallucinate
95.3%
hail
94.9%
heritage
94.9%
hinder
93.9%
hitchhiker
93.6%
halibut
93.5%
hermit
93.1%
hex
92.6%
hypnotize
92.4%
hobo
87.1%

You're not logged in!

Compare scores with friends on all Sporcle quizzes.
OR
Log In
Forgot?

From the Vault

Begins with 'TRI'

by psubball1

If at first you don't succeed, tri tri again.
Remove Ads.
Support Sporcle.
Get the best of Sporcle when you Go Orange. This ad-free experience offers more features, more stats, and more fun while also helping to support Sporcle. Thank you for becoming a member.

Show Comments

Extras

Top Quizzes Today


Score Distribution

Your Account Isn't Verified!

In order to create a playlist on Sporcle, you need to verify the email address you used during registration. Go to your Sporcle Settings to finish the process.

Report this User

Report this user for behavior that violates our Community Guidelines.

Details: